000 02214nam a2200409 i 4500
001 991107386048506196
005 20250312124851.0
006 m o d |
007 cr cnu||||||||
008 240701s2024 enka ob 001 0 eng d
020 _a9781447371762
024 7 _a10.56687/9781447371786
_2doi
035 _a(MiAaPQ)EBC31149823
035 _a(Au-PeEL)EBL31149823
035 _a(CKB)32331502200041
035 _a(DE-B1597)694768
035 _a(DE-B1597)9781447371786
035 _a(EXLCZ)9932331502200041
040 _aMiAaPQ
_beng
_erda
_epn
_cMiAaPQ
_dMiAaPQ
044 _axxk
_cGB-BST
050 4 _aHV40
_b.S536 2024
100 _aShang, Jen,
_eauthor.
_924895
245 1 0 _aMeaningful Philanthropy
_b: The Person Behind the Giving
_c/ Jen Shang and Adrian Sargeant ; with a foreword by Tony Bury.
250 _aFirst edition.
264 1 _aBristol, England :
_bPolicy Press,
_c[2024]
264 4 _c2024
300 _a187 pages
504 _aIncludes bibliographical references and index.
505 _aPsychological ownership and moral conviction — The self — Identity ceding — The essential self — Meaning and meaningfulness — Paths to meaningful philanthropy.
520 _aWith unparalleled access to some of the world's most reflective and thoughtful philanthropists, this book explores the philanthropic journeys of 48 high net worth individuals (HNWIs) and ultra-high net worth individuals (UHNWIs) to uncover the person behind the giving. Their stories reveal the difference between the meaning they experience and the impact their philanthropy makes. Through the lens of philanthropic psychology, the authors examine how philanthropists experience their giving and the psychological challenges they need to overcome. This fascinating book provides a unique guide for new and experienced philanthropists and their trusted advisers and fundraisers in the creation of more meaningful philanthropic experiences.
650 0 _aCharities.
_924897
650 0 _aHumanitarianism.
_924898
650 0 _aPhilanthropists.
_924899
700 _aSargeant, Adrian,
_eauthor.
_924900
700 _aLopez, Tony,
_d1950-
_ewriter of foreword.
942 _2lcc
999 _c4534
_d4534